Industrial lighting systems

-д хадгалсан:
Номзүйн дэлгэрэнгүй
Үндсэн зохиолчид: Frier, John P (Зохиогч), Gazley Frier, Mary E (Зохиогч)
Формат: Ном
Хэл сонгох:англи
Хэвлэсэн: Nueva York McGraw-Hill 1980
Нөхцлүүд:
Шошгууд: Шошго нэмэх
Шошго байхгүй, Энэхүү баримтыг шошголох эхний хүн болох!

MARC

LEADER 00000nam a2200000 a 4500
001 UCU5219
003 CL-VaPUC
008 960531e19800000US |||||||||||||||||eng|d
082 0 4 |a 621.32  |b FRI  |2 21 
100 0 |a Frier, John P  |e author  |9 363114 
700 0 |a Gazley Frier, Mary E  |e author  |9 363115 
245 1 0 |a Industrial lighting systems 
300 |a 322 p 
942 |c BK 
945 |d 19960531 00:00:00  |a lriquelm 
260 |a Nueva York  |b McGraw-Hill  |c 1980 
650 0 |a Iluminación  |9 340311 
650 7 |a ILUMINACION INDUSTRIAL  |2 CL-VaPUC  |9 363116 
650 7 |a ENERGIA LUMINOSA  |2 CL-VaPUC  |9 363117 
650 7 |a LAMPARAS ELECTRICAS  |2 CL-VaPUC  |9 263429 
650 7 |a ILUMINACION ELECTRICA  |2 CL-VaPUC  |9 363118 
583 |a last modification  |c 19960531 00:00:00  |k Rodrigo Vera 
999 |c 248654  |d 248652 
952 |0 0  |1 0  |4 0  |6 621_320000000000000_FRI_1980  |7 0  |8 A  |9 265437  |a BIBING  |b BIBING  |d 2019-11-19  |i 1669168  |o 621.32 FRI 1980  |p 1669168  |r 2025-01-20  |w 2019-11-19  |y BK  |k EIE